| 000 | 00760nam a22002297a 4500 | ||
|---|---|---|---|
| 005 | 20170124110045.0 | ||
| 010 | _aA-779657 | ||
| 020 | _c00.00 | ||
| 035 | _aA-779657 | ||
| 037 | _bCen Lib/Ret | ||
| 040 |
_aDPL _bEN |
||
| 082 |
_a841.08 _bYOG |
||
| 100 |
_aYogananda, Paramhansa _924434 |
||
| 245 |
_aThe rubainat of Omar Khayyam explained / _cby Paramhansa Yogananda; edited by J.Donald Walters |
||
| 260 |
_bUBS Publishers Distributors Ltd _aNew Delhi _c1994 |
||
| 270 |
_a5, Ansari Road _bNew Delhi _e110002 |
||
| 300 |
_axx,354p. : _c22cm(Hb) _bill. |
||
| 650 |
_aOmar Khayyam. -- Rubāʻīyāt. _924432 |
||
| 650 |
_aRubāʻīyāt (Omar Khayyam) _924433 |
||
| 700 |
_aWalters, J.Donald _972948 |
||
| 942 |
_2ddc _cEN _h841.08 _mYOG |
||
| 999 |
_c128784 _d128784 |
||